000 00401nam a2200181Ia 4500
001 15827
005 20260306170224.0
008 260306t2016||||xx |||||||||||||| ||und||
041 _aESP
082 _a620.11
_bG37 2016
100 _aGere, James M.
_eAUT
245 0 _aMecánica de materiales
260 _c2016
300 _a
_c
650 _aGEN
654 _aCII
942 _cLIB
_dJUS
_fJUS
_2ddc
_n
999 _c15827
_d15827